La idea de libertad en la historia de España / (Record no. 190770)

MARC details
000 -LEADER
campo de control de longitud fija 01359nam a2200325 i 4500
001 - NÚMERO DE CONTROL
campo de control 190770
003 - IDENTIFICADOR DE NÚMERO DE CONTROL
campo de control ES-MaACL
005 - FECHA Y HORA DE LA ÚLTIMA TRANSACCIÓN
campo de control 20250803000106.0
008 - DATOS DE LONGITUD FIJA--INFORMACIÓN GENERAL
campo de control de longitud fija 220704s2022 sp 001 0 spa d
020 ## - NÚMERO INTERNACIONAL ESTÁNDAR DEL LIBRO
Número Internacional Estándar del Libro 978-84-125120-2-1
080 ## - NÚMERO DE LA CLASIFICACIÓN DECIMAL UNIVERSAL
Número de la Clasificación Decimal Universal 123.1
100 1# - ENTRADA PRINCIPAL--NOMBRE DE PERSONA
Nombre de persona López Arriba, Pedro,
Fechas asociadas al nombre 1956-
9 (RLIN) 73422
245 13 - MENCIÓN DEL TÍTULO
Título La idea de libertad en la historia de España /
Mención de responsabilidad, etc. Pedro López Arriba.
250 ## - MENCION DE EDICION
Mención de edición 1ª ed.
260 ## - PUBLICACIÓN, DISTRIBUCIÓN, ETC.
Lugar de publicación, distribución, etc. Madrid :
Nombre del editor, distribuidor, etc. Vitrubio,
Fecha de publicación, distribución, etc. 2022.
300 ## - DESCRIPCIÓN FÍSICA
Extensión 248 p. ;
Dimensiones 21 cm.
505 8# - NOTA DE CONTENIDO CON FORMATO
Nota de contenido con formato Contiene: La libertad en el mundo ; La libertad en la historia de España ; El pensamiento político español en los siglos XVI y XVII ; La Ilustración en España ; La Constitución de 1812
594 ## - Nota al título y mención de responsabilidad
Nota al título y mención de responsabilidad Libro presentado en el Ateneo de Madrid el 18 de marzo de 2022
610 14 - PUNTO DE ACCESO ADICIONAL DE MATERIA--NOMBRE DE ENTIDAD CORPORATIVA
Nombre de entidad corporativa o nombre de jurisdicción como elemento de entrada España.
Título de la obra Constitución, 1812.
9 (RLIN) 3652
650 #4 - PUNTO DE ACCESO ADICIONAL DE MATERIA--TÉRMINO DE MATERIA
Término de materia o nombre geográfico como elemento de entrada Libertad.
9 (RLIN) 14400
650 #4 - PUNTO DE ACCESO ADICIONAL DE MATERIA--TÉRMINO DE MATERIA
Término de materia o nombre geográfico como elemento de entrada Historia-
Subdivisión general Filosofía.
9 (RLIN) 13380
650 #4 - PUNTO DE ACCESO ADICIONAL DE MATERIA--TÉRMINO DE MATERIA
Término de materia o nombre geográfico como elemento de entrada Política-
Subdivisión geográfica España-
Subdivisión cronológica S.XVI.
9 (RLIN) 16271
650 #4 - PUNTO DE ACCESO ADICIONAL DE MATERIA--TÉRMINO DE MATERIA
Término de materia o nombre geográfico como elemento de entrada Política-
Subdivisión geográfica España-
Subdivisión cronológica S.XVII.
9 (RLIN) 172012
650 #4 - PUNTO DE ACCESO ADICIONAL DE MATERIA--TÉRMINO DE MATERIA
Término de materia o nombre geográfico como elemento de entrada Ilustración-
Subdivisión geográfica España
9 (RLIN) 13585
852 4# - LOCALIZACIÓN
Ubicación ES-MaACL
Número de control de estantería A-14989
itemnumber 197952
Sublocalización o colección R.153273
Ubicación en estantería Depósito 1
Signatura antigua Olim: N-7989
Anotaciones manuscritas Dedicatoria autógrafa del autor
Donativo/Legado Donación: Pedro López Arriba
903 ## - NOMBRE PERSONAL DE DONANTE
9 73422
a López Arriba, Pedro,
d 1956-
e Donante
942 ## - ELEMENTOS DE ENTRADA SECUNDARIOS (KOHA)
Fuente del sistema de clasificación o colocación Clasificación decimal universal
Tipo de ítem Koha Libro impreso
Holdings
Estatus retirado Estado de pérdida Fuente del sistema de clasificación o colocación Estado de daño No para préstamo Colección Biblioteca de origen Biblioteca actual Ubicación en estantería Fecha de adquisición Fuente de adquisición Número de control de estantería Total de préstamos Signatura topográfica completa Código de barras Visto por última vez Precio de reemplazo Tipo de ítem Koha Nota pública
    Clasificación decimal universal     Libros con dedicatorias Biblioteca del Ateneo de Madrid Biblioteca del Ateneo de Madrid Depósito 1 04/07/2022 Donación 1   A-14989 1203039 23/02/2023 23/02/2023 Libro impreso Dedicatoria autógrafa del autor